Vista normal
Vista MARC
Entrada Topical Term
Número de registros utilizados en: 1
001 - CONTROL NUMBER
- control field: 29001
003 - CONTROL NUMBER IDENTIFIER
- control field: OSt
005 - DATE AND TIME OF LATEST TRANSACTION
- control field: 20230915231458.0
008 - FIXED-LENGTH DATA ELEMENTS
- fixed length control field: 230915|| aca||aabn | a|a d
040 ## - CATALOGING SOURCE
- Original cataloging agency: OSt
- Transcribing agency: OSt
150 ## - HEADING--TOPICAL TERM
- Topical term or geographic name entry element: educación - ASPECTOS CULTURALES
670 ## - SOURCE DATA FOUND
- Source citation: Work cat.: (OSt)29091: Gaviria, Juan Felipe; Mockus, Antanas; Abad, Hector; Ospina, William 29000, Una Reflexión sobre Colombia desde la educación : , 2000